Filharmóniai matiné a Csehszlovák Köztársaság felszabadulásának 15 éves évfordulóján

Elmentve itt :
Bibliográfiai részletek
Szerző: Szatmári Géza
Dokumentumtípus: Cikk
Megjelent: 1960-06-01
Sorozat:Délmagyarország 50 No. 128
Kulcsszavak:Vaszy Viktor, Zenei élet hangverseny Szeged 1960, zeneélet
Online Access:http://dmarchiv.bibl.u-szeged.hu/63718
LEADER 00564nab a2200157 i 4500
001 delm63718
005 20180927151344.0
008 180927s1960 hu o 0|| hun d
040 |a SZTE Délmagyarország Archívum  |b hun 
041 |a hun 
100 1 |a Szatmári Géza 
245 1 0 |a Filharmóniai matiné a Csehszlovák Köztársaság felszabadulásának 15 éves évfordulóján  |h [elektronikus dokumentum] /  |c  Szatmári Géza 
260 |c 1960-06-01 
300 |a 5 
490 0 |a Délmagyarország  |v 50 No. 128 
695 |a Vaszy Viktor, Zenei élet hangverseny Szeged 1960, zeneélet